000 00631nam a2200241 a 4500
001 nice12345678
003 IN_TiNIC
005 20260116011439.0
008 050524s1914 cala grp 000 0 eng
020 _a
_c100
082 0 0 _a323.39710954
_bBOU
100 _aBourne, W Fitz G
245 _aHindustani Musalmans and Musalmans of the Eastern Punjab
260 _aCalcutta
_bSuperintendent Govt. Printing India
_c1914
300 _a110p
500 _aincludes index and biblioraphy
505 2 _aAppendex
650 _aMuslims-India
700 1 _aBourne, W Fitz G
902 _bSRS
942 _cBK
999 _c1621
_d1621